[Event "Wch U14 Girls"]
[Site "Montesilvano"]
[Date "2023.11.22"]
[Round "9"]
[White "Kairbekova, Albina"]
[Black "Maklakova, Naomi"]
[Result "0-1"]
[WhiteElo "1111"]
[BlackElo "1873"]
[PlyCount "110"]
[EventDate "2023.11.13"]
[EventType "swiss"]
[EventRounds "11"]
[EventCountry "ITA"]
[SourceTitle "CB48_2023"]
[SourceDate "2023.11.29"]
[SourceVersion "1"]
[SourceVersionDate "2023.11.29"]
[SourceQuality "1"]

1. d4 d5 2. Nf3 Nf6 3. b3 Bf5 4. Bb2 e6 5. e3 Bd6 6. Bd3 Bg6 7. 0-0 Nbd7 8. Ne5 0-0 9. Nd2 c5 10. Bxg6 hxg6 11. Nxd7 Nxd7 12. Nf3 Rc8 13. dxc5 Bxc5 14. Rc1 Nb6 15. Qd2 Qe7 16. Ne5 Rfd8 17. Qc3 d4 18. exd4 Bxd4 19. Qxd4 Rxd4 20. Bxd4 Nd5 21. g3 a6 22. Nd3 Nc3 23. Bxc3 Rxc3 24. Rfe1 Qa3 25. Ne5 Qxa2 26. Rcd1 Qa5 27. Nc4 Qc7 28. Re4 Rxc2 29. Ne5 Rc1 30. Rxc1 Qxc1+ 31. Kg2 Qb2 32. Re3 b5 33. Nf3 a5 34. Rd3 Qf6 35. h4 Qe7 36. Rc3 Qd8 37. Kh2 a4 38. bxa4 bxa4 39. Rc6 Qa8 40. Nd4 e5 41. Nf5 gxf5 42. Rc1 a3 43. h5 a2 44. Ra1 Qa3 45. h6 Qb2 46. h7+ Kxh7 47. Rxa2 Qxa2 48. Kh3 Qxf2 49. g4 fxg4+ 50. Kxg4 e4 51. Kh3 e3 52. Kg4 e2 53. Kh5 e1Q 54. Kg4 Qeg1+ 55. Kh3 Qfh2# 0-1

[Event "Wch U14 Girls"]
[Site "Montesilvano"]
[Date "2023.11.16"]
[Round "4"]
[White "Agamyradova, Mahri"]
[Black "Maklakova, Naomi"]
[Result "1-0"]
[WhiteElo "1652"]
[BlackElo "1873"]
[PlyCount "83"]
[EventDate "2023.11.13"]
[EventType "swiss"]
[EventRounds "11"]
[EventCountry "ITA"]
[SourceTitle "CB48_2023"]
[SourceDate "2023.11.29"]
[SourceVersion "1"]
[SourceVersionDate "2023.11.29"]
[SourceQuality "1"]

1. d4 d5 2. Nf3 Nf6 3. Bf4 e6 4. e3 c5 5. c3 Bd6 6. Bg3 Qc7 7. Nbd2 Nbd7 8. Bd3 e5 9. dxe5 Nxe5 10. Nxe5 Bxe5 11. Bb5+ Bd7 12. Bxd7+ Nxd7 13. Nf3 Bxg3 14. hxg3 Nb6 15. Qd3 g6 16. Qb5+ Nd7 17. 0-0-0 a6 18. Qa4 b5 19. Qh4 Qc6 20. Qg5 Nf6 21. Qe5+ Qe6 22. Rxd5 Qxe5 23. Rxe5+ Kf8 24. Rxc5 Ne4 25. Rc7 Nxf2 26. Rf1 Ne4 27. Ne5 f5 28. g4 Re8 29. gxf5 Ng3 30. Nd7+ Ke7 31. Rf3 Nxf5 32. e4 Kd6 33. Ra7 Rxe4 34. Rd3+ Kc6 35. Rxa6+ Kc7 36. Nc5 Re1+ 37. Kd2 Re7 38. g4 Rhe8 39. gxf5 Re2+ 40. Kc1 Re1+ 41. Kc2 Rb8 42. Rd7+ 1-0

[Event "Wch U14 Girls"]
[Site "Montesilvano"]
[Date "2023.11.15"]
[Round "3"]
[White "Maklakova, Naomi"]
[Black "Sezdbekova, Aizhan"]
[Result "1/2-1/2"]
[WhiteElo "1873"]
[BlackElo "1594"]
[PlyCount "147"]
[EventDate "2023.11.13"]
[EventType "swiss"]
[EventRounds "11"]
[EventCountry "ITA"]
[SourceTitle "CB48_2023"]
[SourceDate "2023.11.29"]
[SourceVersion "1"]
[SourceVersionDate "2023.11.29"]
[SourceQuality "1"]

1. d4 Nf6 2. Nf3 e6 3. Bf4 c5 4. e3 d5 5. c3 Bd6 6. Bg3 Qc7 7. Nbd2 Nbd7 8. Bd3 b6 9. Rc1 Bb7 10. c4 Rc8 11. 0-0 Bxg3 12. hxg3 0-0 13. cxd5 exd5 14. dxc5 bxc5 15. Qa4 Bc6 16. Qh4 Rb8 17. b3 Qa5 18. Rc2 Bb5 19. Bxb5 Qxb5 20. Rfc1 Rfe8 21. Qh3 Rb6 22. g4 a5 23. g5 Ne4 24. Nxe4 dxe4 25. Nd2 Rd6 26. Nc4 Rd5 27. Qg4 Nb6 28. Qf4 Nc8 29. g3 g6 30. Kg2 f5 31. gxf6 Rf5 32. Qh4 Rf8 33. Qxe4 R8xf6 34. Qa8 Rf8 35. Qe4 Re8 36. Qh4 Qc6+ 37. Kf1 Qf3 38. g4 Rff8 39. Re2 Kg7 40. Nd2 Qd5 41. e4 Qe5 42. Kg2 Rf7 43. Rh1 Kg8 44. Nf3 Qg7 45. Ng5 Rd7 46. Qg3 h6 47. Nh3 Nd6 48. f3 Nb5 49. Nf4 Nc3 50. Rc2 g5 51. Nh5 Qd4 52. Qf2 Qe5 53. Qf1 Nd1 54. Qe2 Red8 55. Ng3 Qf4 56. Kh3 Rd2 57. Rxd2 Rxd2 58. Qc4+ Kh7 59. Rxd1 Rxd1 60. Qe2 Rd2 61. Qa6 Qxf3 62. Qb7+ Kg8 63. Qc8+ Kf7 64. Qb7+ Ke6 65. Qc6+ Kf7 66. Qc7+ Kg8 67. Qc8+ Kf7 68. Qc7+ Ke6 69. Qc8+ Kf7 70. Qc7+ Ke6 71. Qc6+ Ke5 72. Qxc5+ Kf4 73. Qf8+ Ke3 74. Qc5+ 1/2-1/2

[Event "Wch U14 Girls"]
[Site "Montesilvano"]
[Date "2023.11.13"]
[Round "1"]
[White "Maklakova, Naomi"]
[Black "Nguyen, Thuy Linh1"]
[Result "1-0"]
[WhiteElo "1873"]
[BlackElo "1398"]
[PlyCount "115"]
[EventDate "2023.11.13"]
[EventType "swiss"]
[EventRounds "11"]
[EventCountry "ITA"]
[SourceTitle "CB48_2023"]
[SourceDate "2023.11.29"]
[SourceVersion "1"]
[SourceVersionDate "2023.11.29"]
[SourceQuality "1"]

1. d4 Nf6 2. Nf3 c5 3. d5 e6 4. c4 exd5 5. cxd5 d6 6. Nc3 g6 7. e4 Bg7 8. Bd3 0-0 9. Nd2 a6 10. a4 Nbd7 11. f4 Qc7 12. 0-0 Rb8 13. Kh1 Re8 14. Qf3 b6 15. Nc4 Nh5 16. Bd2 b5 17. axb5 axb5 18. Na5 c4 19. Be2 Nc5 20. Nc6 Rb7 21. e5 Nb3 22. exd6 Qxd6 23. Rad1 Nf6 24. h3 Bf5 25. Be3 Ne4 26. Ne5 Nxc3 27. bxc3 Bxe5 28. fxe5 Qxe5 29. Bf2 Be4 30. Qg4 h5 31. Qh4 Bxd5 32. Rxd5 Qxd5 33. Bf3 Qd7 34. Rd1 Qe7 35. Re1 Qd7 36. Rxe8+ Qxe8 37. Bxb7 Qe2 38. Bf3 Qf1+ 39. Kh2 Qd3 40. Bd4 Nxd4 41. Qxd4 Qb1 42. Qe5 Qb2 43. Bd5 Qf2 44. Bf3 Qb6 45. Qe8+ Kg7 46. Qe4 Qc7+ 47. Kh1 Qb8 48. Qd4+ Kg8 49. Qf6 Qa7 50. Bd5 Kf8 51. Qh8+ Ke7 52. Qg7 Qf2 53. Qe5+ Kf8 54. Bc6 Qf1+ 55. Kh2 Kg8 56. Bxb5 h4 57. Qc7 Qe1 58. Bxc4 1-0

[Event "LAT-ch (Women)"]
[Site "Riga"]
[Date "2023.05.05"]
[Round "9"]
[White "Maklakova, Naomi"]
[Black "Maklakova, Nellija"]
[Result "0-1"]
[WhiteElo "1690"]
[BlackElo "1817"]
[PlyCount "78"]
[EventDate "2023.04.29"]
[EventType "swiss"]
[EventRounds "9"]
[EventCountry "LAT"]
[SourceTitle "EXT 2024"]
[Source "ChessBase"]
[SourceDate "2023.10.10"]
[SourceVersion "1"]
[SourceVersionDate "2023.10.10"]
[SourceQuality "1"]

1. d4 d5 2. Nf3 e6 3. Bf4 Nf6 4. e3 Bd6 5. Bg3 Ne4 6. Nbd2 0-0 7. Bd3 f5 8. c3 Nd7 9. 0-0 Nxg3 10. hxg3 c6 11. c4 Qe7 12. c5 Bc7 13. b4 a6 14. a4 g5 15. Nh2 f4 16. gxf4 gxf4 17. e4 e5 18. exd5 cxd5 19. dxe5 Nxe5 20. Be2 Bf5 21. Ndf3 Rad8 22. Rc1 Qf6 23. Nxe5 Bxe5 24. Nf3 Bb2 25. Rc2 Bxc2 26. Qxc2 Qc3 27. Qxc3 Bxc3 28. b5 axb5 29. axb5 Rc8 30. Ng5 Rfe8 31. Bg4 Rxc5 32. Ne6 Rc4 33. Ng5 Rd4 34. Be6+ Kg7 35. Bf5 Kf6 36. Bd7 Re7 37. Nf3 Rxd7 38. Nxd4 Bxd4 39. Rd1 Bc5 0-1

[Event "LAT-ch (Women)"]
[Site "Riga"]
[Date "2023.05.03"]
[Round "6"]
[White "Maklakova, Naomi"]
[Black "Jansone, Melanija Luize"]
[Result "1-0"]
[WhiteElo "1690"]
[BlackElo "1551"]
[PlyCount "97"]
[EventDate "2023.04.29"]
[EventType "swiss"]
[EventRounds "9"]
[EventCountry "LAT"]
[SourceTitle "EXT 2024"]
[Source "ChessBase"]
[SourceDate "2023.10.10"]
[SourceVersion "1"]
[SourceVersionDate "2023.10.10"]
[SourceQuality "1"]

1. d4 Nf6 2. Nf3 g6 3. Bg5 Bg7 4. Nbd2 d6 5. e4 h6 6. Bxf6 Bxf6 7. c3 Bg7 8. Qc2 Nd7 9. Bd3 e5 10. Nc4 Qe7 11. 0-0 0-0 12. Rad1 Kh8 13. Rfe1 Re8 14. Qa4 a6 15. Qa3 Qf6 16. Ne3 Nb6 17. dxe5 dxe5 18. c4 Be6 19. c5 Bf8 20. b4 Nd7 21. Bc4 a5 22. Bxe6 Qxe6 23. Qd3 Nf6 24. a3 axb4 25. axb4 Bg7 26. h3 b6 27. cxb6 Qxb6 28. Qc4 Re7 29. Nd5 Nxd5 30. Rxd5 Rb8 31. b5 Kg8 32. Red1 Bf6 33. Ra1 Kg7 34. Rc1 Qa5 35. Ne1 Bg5 36. Rcd1 Rb6 37. Nc2 Rf6 38. Nb4 Qb6 39. Rc5 Rd6 40. Rxd6 Qxd6 41. Nd5 Rd7 42. Rxc7 Bd8 43. Rxd7 Qxd7 44. Qc6 Qe6 45. Qa8 Qd6 46. Qa6 Qc5 47. Qc6 Qd4 48. b6 Qxe4 49. b7 1-0

[Event "World ol U16"]
[Site "Nakhchivan"]
[Date "2022.10.05"]
[Round "4.13"]
[White "Goliath, Brimarion"]
[Black "Maklakova, Naomi"]
[Result "0-1"]
[WhiteElo "1394"]
[BlackElo "1635"]
[PlyCount "170"]
[EventDate "2022.10.02"]
[EventType "team-swiss"]
[EventRounds "9"]
[EventCountry "AZE"]
[SourceTitle "CBM 210 Extra"]
[Source "ChessBase"]
[SourceDate "2022.11.30"]
[SourceVersion "1"]
[SourceVersionDate "2022.11.30"]
[SourceQuality "1"]
[WhiteTeam "South Africa III"]
[BlackTeam "Latvia"]
[WhiteTeamCountry "RSA"]
[BlackTeamCountry "LAT"]

1. e4 e5 2. Nf3 Nc6 3. Bb5 a6 4. Ba4 d6 5. Bxc6+ bxc6 6. d4 exd4 7. Nxd4 c5 8. Nf3 Bb7 9. Nc3 Nf6 10. Bg5 Be7 11. Qe2 0-0 12. 0-0 Re8 13. Nd2 Nxe4 14. Bxe7 Nxc3 15. Qd3 Rxe7 16. Qxc3 Re6 17. Rfe1 Rg6 18. f3 Qd7 19. Re2 Bd5 20. Rae1 Be6 21. Ne4 Qb5 22. a3 h6 23. Ng3 d5 24. f4 d4 25. Qf3 Rd8 26. Qf2 Bc4 27. Re7 Re6 28. R1xe6 Bxe6 29. f5 Bd5 30. b3 Re8 31. Qe1 Kf8 32. Rxe8+ Qxe8 33. Qa5 Qc6 34. Qd2 Qb6 35. Ne2 Qc6 36. Ng3 Kg8 37. Qf2 Qf6 38. Qf4 c6 39. Qf1 a5 40. Qa6 Qg5 41. Qe2 Qc1+ 42. Kf2 Qf4+ 43. Kg1 Kh7 44. Qe1 c4 45. bxc4 Bxc4 46. h3 d3 47. cxd3 Bxd3 48. Qf2 Qc1+ 49. Kh2 Qxa3 50. f6 Qc3 51. fxg7 Qxg7 52. Qc5 Bg6 53. Qxa5 Qd4 54. Ne2 Qd6+ 55. Kh1 Qd1+ 56. Ng1 Qc1 57. Kh2 Qf4+ 58. Kh1 Qf2 59. Qe5 c5 60. Kh2 c4 61. Nf3 Qc2 62. h4 Qf5 63. Qc7 Qe4 64. Qc5 Qf4+ 65. Kg1 Qc1+ 66. Kf2 c3 67. Qd5 c2 68. h5 Qf4 69. hxg6+ Kg7 70. g3 Qc7 71. Qd4+ f6 72. Nh4 c1Q 73. Nf5+ Kxg6 74. Nh4+ Kg7 75. Qg4+ Qg5 76. Nf5+ Kh7 77. Qe4 Qg6 78. g4 Qc5+ 79. Kf1 Qb5+ 80. Kf2 Qb2+ 81. Kf1 Qc1+ 82. Kf2 Qd2+ 83. Kf1 Qd1+ 84. Kf2 Qgxg4 85. Ne3+ Qxe4 0-1

[Event "World ol U16"]
[Site "Nakhchivan"]
[Date "2022.10.03"]
[Round "2.8"]
[White "Alagoz, Zumra Meryem"]
[Black "Maklakova, Naomi"]
[Result "1-0"]
[WhiteElo "1830"]
[BlackElo "1635"]
[PlyCount "61"]
[EventDate "2022.10.02"]
[EventType "team-swiss"]
[EventRounds "9"]
[EventCountry "AZE"]
[SourceTitle "CBM 210 Extra"]
[Source "ChessBase"]
[SourceDate "2022.11.30"]
[SourceVersion "1"]
[SourceVersionDate "2022.11.30"]
[SourceQuality "1"]
[WhiteTeam "Turkey White"]
[BlackTeam "Latvia"]
[WhiteTeamCountry "TUR"]
[BlackTeamCountry "LAT"]

1. e4 e5 2. Nf3 Nc6 3. Bc4 Nf6 4. d3 Bc5 5. c3 d6 6. h3 a6 7. Bb3 h6 8. Nbd2 0-0 9. 0-0 Be6 10. Re1 Ba7 11. Nf1 Bxb3 12. axb3 Re8 13. N3h2 d5 14. Qf3 Qd6 15. g4 Rad8 16. g5 hxg5 17. Bxg5 dxe4 18. dxe4 Nh7 19. Bxd8 Qxd8 20. Rad1 Qe7 21. Ne3 Qc5 22. h4 Ne7 23. Nhg4 Ng6 24. Nf5 Nf4 25. Kh1 Kh8 26. Rd7 Kg8 27. Rg1 Ng6 28. Ngh6+ Kh8 29. Nxf7+ Kg8 30. N5h6+ Kf8 31. Nxe5+ 1-0

[Event "Wch U12 Girls"]
[Site "Batumi"]
[Date "2022.09.25"]
[Round "9"]
[White "Maklakova, Naomi"]
[Black "Sordia, Marta"]
[Result "1-0"]
[WhiteElo "1635"]
[BlackElo "1363"]
[PlyCount "69"]
[EventDate "2022.09.16"]
[EventType "swiss"]
[EventRounds "11"]
[EventCountry "GEO"]
[SourceTitle "EXT 2023"]
[Source "ChessBase"]
[SourceDate "2022.10.05"]
[SourceVersion "1"]
[SourceVersionDate "2022.10.05"]
[SourceQuality "1"]

1. d4 d5 2. Nf3 c5 3. e3 Nf6 4. b3 Nc6 5. Bb2 Bg4 6. Be2 Bxf3 7. Bxf3 cxd4 8. exd4 e6 9. 0-0 Bd6 10. Nd2 0-0 11. c4 Qd7 12. Rc1 Rac8 13. Re1 Bb8 14. a3 Rfd8 15. cxd5 Nxd5 16. Nc4 Bf4 17. Rc2 h6 18. g3 Bg5 19. h4 Bf6 20. Rd2 Qc7 21. Bxd5 exd5 22. Ne5 Re8 23. Rde2 Qb6 24. Nd7 Rxe2 25. Nxb6 Rxe1+ 26. Qxe1 axb6 27. Qe3 Kf8 28. Qd3 Re8 29. Qb5 Nxd4 30. Bxd4 Bxd4 31. Qxd5 Bc5 32. b4 Be7 33. Qxb7 Bd8 34. Qd7 Bf6 35. Qd6+ 1-0

[Event "Panevezys op-B"]
[Site "Panevezys"]
[Date "2022.07.02"]
[Round "3"]
[White "Griksaite, Egle"]
[Black "Maklakova, Naomi"]
[Result "1-0"]
[WhiteElo "1380"]
[BlackElo "1548"]
[PlyCount "65"]
[EventDate "2022.07.01"]
[EventType "swiss"]
[EventRounds "7"]
[EventCountry "LTU"]
[SourceTitle "EXT 2023"]
[Source "ChessBase"]
[SourceDate "2022.10.05"]
[SourceVersion "1"]
[SourceVersionDate "2022.10.05"]
[SourceQuality "1"]

1. d4 d5 2. c3 Nf6 3. Bg5 Bf5 4. e3 e6 5. Qb3 b6 6. Nf3 Be7 7. Qa4+ c6 8. Nbd2 0-0 9. Nh4 Ne4 10. Bxe7 Qxe7 11. Nxf5 exf5 12. Qc2 Re8 13. Nxe4 fxe4 14. Be2 Nd7 15. 0-0 Qg5 16. c4 Rac8 17. cxd5 c5 18. Qa4 Qxd5 19. dxc5 Nxc5 20. Qxa7 Re6 21. Rfd1 Qf5 22. Rf1 h5 23. Rad1 Kh7 24. Qa3 Rg6 25. Kh1 Rcc6 26. b4 Ne6 27. Qa4 Ng5 28. Qb5 Qf6 29. Rd5 Kh6 30. h4 Rc5 31. hxg5+ Rxg5 32. bxc5 Rxd5 33. Qxb6 1-0

[Event "EU Union-ch U12 18th"]
[Site "Mureck"]
[Date "2021.08.04"]
[Round "1"]
[White "Lazovskiy, Gregory"]
[Black "Maklakova, Naomi"]
[Result "0-1"]
[WhiteElo "1062"]
[BlackElo "1362"]
[PlyCount "68"]
[EventDate "2021.08.04"]
[EventType "swiss"]
[EventRounds "9"]
[EventCountry "AUT"]
[SourceTitle "EXT 2022"]
[Source "ChessBase"]
[SourceDate "2021.10.06"]
[SourceVersion "1"]
[SourceVersionDate "2021.10.06"]
[SourceQuality "1"]

1. d4 d5 2. c4 e6 3. Nc3 Nf6 4. Bg5 Be7 5. Nf3 b6 6. e3 Bb7 7. Ne5 Nbd7 8. Nf3 Ne4 9. Bf4 a6 10. Qc2 c5 11. Bd3 f5 12. Ne5 Bh4 13. 0-0 0-0 14. f3 Nxc3 15. Qxc3 Nxe5 16. Bxe5 Bf6 17. dxc5 bxc5 18. Rad1 d4 19. Bxf6 Rxf6 20. exd4 cxd4 21. Qb4 Rb8 22. Qa4 e5 23. Rfe1 Qc7 24. b4 Rbf8 25. c5 Kh8 26. Qc2 g6 27. Re2 Re8 28. Rde1 Rfe6 29. Bc4 R6e7 30. Qd3 Qc6 31. Rxe5 Rxe5 32. Rxe5 Rxe5 33. Qxd4 Qf6 34. f4 Re1+ 0-1

[Event "Nizami Ganjavi 880 years U17"]
[Site "Tornelo INT"]
[Date "2021.04.03"]
[Round "6.8"]
[White "Maklakova, Naomi"]
[Black "Zaragoza, Alanis Miguel Arnul"]
[Result "0-1"]
[WhiteElo "1372"]
[BlackElo "1178"]
[PlyCount "66"]
[EventDate "2021.04.02"]
[EventType "team-swiss (blitz)"]
[EventRounds "9"]
[EventCountry "AZE"]
[SourceTitle "EXT 2023"]
[Source "ChessBase"]
[SourceDate "2022.10.05"]
[SourceVersion "1"]
[SourceVersionDate "2022.10.05"]
[SourceQuality "1"]
[WhiteTeam "Latvia"]
[BlackTeam "Mexico"]
[WhiteTeamCountry "LAT"]
[BlackTeamCountry "MEX"]

1. d4 Nf6 2. Nf3 g6 3. Bf4 d5 4. e3 c5 5. c3 Nc6 6. Bd3 Qb6 7. Qb3 c4 8. Qxb6 axb6 9. Bc2 b5 10. 0-0 b4 11. Bg3 b3 12. Bd1 Rxa2 13. Nbd2 Rxa1 14. Be2 Rxf1+ 15. Kxf1 Bg4 16. h3 Bxf3 17. Nxf3 e6 18. Bh4 Ne4 19. Ng5 Nxc3 20. Ke1 Nxe2 21. Kxe2 c3 22. Nf3 cxb2 23. Nd2 Bb4 24. Nb1 Kd7 25. Bf6 Ra8 26. e4 Ra1 27. exd5 exd5 28. Nd2 Bxd2 29. Kxd2 b1Q 30. Ke2 Qe4+ 31. Kd2 Ra2+ 32. Kd1 Qe2+ 33. Kc1 Qc2# 0-1

[Event "Wch FIDE Online U10 Girls Europe qual"]
[Site "Tornelo INT"]
[Date "2020.12.09"]
[Round "6"]
[White "Maklakova, Naomi"]
[Black "Alfano, Emilie"]
[Result "0-1"]
[WhiteElo "1530"]
[BlackElo "1318"]
[PlyCount "92"]
[EventDate "2020.12.07"]
[EventType "swiss (rapid)"]
[EventRounds "7"]
[EventCountry "ISS"]
[SourceTitle "EXT 2022"]
[Source "ChessBase"]
[SourceDate "2021.10.06"]
[SourceVersion "1"]
[SourceVersionDate "2021.10.06"]
[SourceQuality "1"]

1. d4 d5 2. Bf4 e6 3. e3 Nf6 4. c3 c5 5. Nf3 Nc6 6. Bd3 Bd6 7. Bg3 0-0 8. Nbd2 b6 9. Ne5 Bb7 10. Qc2 Rc8 11. Qb1 Ne7 12. f4 cxd4 13. exd4 Ng6 14. h4 Nh5 15. Bh2 Qxh4+ 16. Kd1 Ng3 17. Ndf3 Qxf4 18. Qc2 Rfd8 19. Re1 Bxe5 20. dxe5 Qg4 21. Qf2 Ne4 22. Qe2 Nf4 23. Bxf4 Qxf4 24. Nd4 Qxe5 25. Rf1 Qg5 26. Nf3 Qe7 27. Qe1 Bc6 28. Bc2 Bb5 29. Rh1 Bc6 30. Kc1 Ng5 31. Qh4 h6 32. Kb1 Qf6 33. Nd4 e5 34. Ne2 d4 35. cxd4 exd4 36. Rd1 Qe7 37. Nxd4 Be4 38. a3 Bxc2+ 39. Nxc2 Rxd1+ 40. Ka2 Qe6+ 41. b3 Rxa1+ 42. Kxa1 Rxc2 43. Qf4 Qf6+ 44. Qxf6 gxf6 45. Kb1 Rxg2 46. a4 h5 0-1

[Event "Wch FIDE Online U10 Girls Europe qual"]
[Site "Tornelo INT"]
[Date "2020.12.08"]
[Round "3"]
[White "Briem, Gudrun Fanney"]
[Black "Maklakova, Naomi"]
[Result "0-1"]
[WhiteElo "1172"]
[BlackElo "1530"]
[PlyCount "104"]
[EventDate "2020.12.07"]
[EventType "swiss (rapid)"]
[EventRounds "7"]
[EventCountry "ISS"]
[SourceTitle "EXT 2022"]
[Source "ChessBase"]
[SourceDate "2021.10.06"]
[SourceVersion "1"]
[SourceVersionDate "2021.10.06"]
[SourceQuality "1"]

1. d4 d5 2. c4 e6 3. Nf3 Nf6 4. Bg5 Be7 5. Nc3 Nbd7 6. e3 0-0 7. Bd3 c5 8. cxd5 Nxd5 9. Bxe7 Qxe7 10. Qc2 h6 11. a3 b6 12. Nxd5 exd5 13. 0-0 Bb7 14. Rfe1 Nf6 15. Rac1 Rac8 16. dxc5 bxc5 17. Bf5 Rc7 18. b4 c4 19. Qc3 Re8 20. Nd2 Qd6 21. Nf3 Ree7 22. Nd4 a6 23. Bh3 Re4 24. f3 Re8 25. Nf5 Qe5 26. Qxe5 Rxe5 27. g4 Rc8 28. Nd6 Rb8 29. f4 Re6 30. Bg2 Rxd6 31. Bh3 Ba8 32. e4 Nxe4 33. Bg2 Re6 34. f5 Ree8 35. Re2 Nf6 36. Rce1 Rxe2 37. Rxe2 Re8 38. Rxe8+ Nxe8 39. Kf2 Nf6 40. Kf3 d4+ 41. Ke2 Bxg2 42. Kd2 Be4 43. h4 c3+ 44. Kc1 d3 45. a4 d2+ 46. Kd1 Nxg4 47. b5 Ne3+ 48. Ke2 d1Q+ 49. Kxe3 Qd3+ 50. Kf2 Qf3+ 51. Ke1 Bd3 52. f6 Qe2# 0-1

[Event "Wch FIDE Online U10 Girls Europe qual"]
[Site "Tornelo INT"]
[Date "2020.12.07"]
[Round "1"]
[White "Pritulina, Nadezhda"]
[Black "Maklakova, Naomi"]
[Result "0-1"]
[WhiteElo "1230"]
[BlackElo "1530"]
[PlyCount "74"]
[EventDate "2020.12.07"]
[EventType "swiss (rapid)"]
[EventRounds "7"]
[EventCountry "ISS"]
[SourceTitle "EXT 2022"]
[Source "ChessBase"]
[SourceDate "2021.10.06"]
[SourceVersion "1"]
[SourceVersionDate "2021.10.06"]
[SourceQuality "1"]

1. e4 e5 2. Nf3 Nc6 3. d4 exd4 4. Nxd4 Nf6 5. Nxc6 bxc6 6. Bd3 d6 7. Nc3 Be7 8. Be3 0-0 9. 0-0 Bb7 10. f4 Re8 11. Be2 Bf8 12. Bf3 c5 13. Qd3 Qe7 14. Rfe1 Rad8 15. Nd5 Nxd5 16. exd5 Qf6 17. Rab1 Re7 18. c4 Rde8 19. Kf2 Qh4+ 20. Kg1 Ba6 21. b3 Bc8 22. g3 Qf6 23. Bg2 Bf5 24. Qd2 Bxb1 25. Rxb1 Rxe3 26. Qf2 Qf5 27. Ra1 Re2 28. Qf3 R8e3 29. Qf1 Rd2 30. Qc1 Ree2 31. Bf3 Rxh2 32. Qe1 Qd3 33. Be4 Qd4+ 34. Kf1 Rdf2+ 35. Kg1 Re2+ 36. Kf1 Rxe1+ 37. Rxe1 Qf2# 0-1

[Event "Online Friendship U12"]
[Site "Tornelo INT"]
[Date "2020.11.21"]
[Round "7.4"]
[White "Sezdbekova, Aizhan"]
[Black "Maklakova, Naomi"]
[Result "1-0"]
[WhiteElo "1554"]
[BlackElo "1530"]
[PlyCount "53"]
[EventDate "2020.11.21"]
[EventType "team-swiss"]
[EventRounds "7"]
[EventCountry "BLR"]
[SourceTitle "CBM 199 Extra"]
[Source "ChessBase"]
[SourceDate "2021.01.31"]
[SourceVersion "1"]
[SourceVersionDate "2021.01.31"]
[SourceQuality "1"]
[WhiteTeam "Kyrgyzstan"]
[BlackTeam "Latvia Riga Chess School"]
[WhiteTeamCountry "KGZ"]
[BlackTeamCountry "LAT"]

1. e4 e5 2. Nf3 Nc6 3. Bc4 Bc5 4. d4 Bxd4 5. Nxd4 Nxd4 6. 0-0 Nf6 7. Bg5 h6 8. f4 0-0 9. fxe5 hxg5 10. exf6 Ne6 11. Nc3 b6 12. Nd5 gxf6 13. Nxf6+ Kg7 14. Bxe6 fxe6 15. Nh5+ Kg8 16. Qg4 Ba6 17. Rxf8+ Kxf8 18. b3 Qe7 19. c4 Ke8 20. Rf1 Kd8 21. Nf6 Qc5+ 22. Kh1 Kc8 23. Rd1 Kb7 24. Nxd7 Qe7 25. e5 Rd8 26. Qf3+ Kc8 27. Qa8# 1-0